| 000 | 00589nam a2200217 a 4500 | ||
|---|---|---|---|
| 005 | 20240924070226.0 | ||
| 008 | 991125s1986 mx 000 0 spa u | ||
| 020 | _a9684442335 | ||
| 035 | _aUPN01000023064 | ||
| 049 | _aCG | ||
| 050 | 4 |
_aBJ1575 _bB738 |
|
| 100 | 1 | _aBria, Llátzer | |
| 245 | 1 | 0 |
_aEtica y convivencia / _cLlátzer Bria, Hilarí Arnau. |
| 260 |
_aMéxico : _bAlhambra Mexicana, _c1986. |
||
| 300 |
_a149 p. : _bil. |
||
| 440 | 0 |
_aNueva breda ; _v22 |
|
| 650 | 4 |
_aConducta de vida _94416 |
|
| 650 | 4 |
_aÉtica _912720 |
|
| 700 | 1 |
_aArnau, Hibri, _ecoaut. |
|
| 905 | _aLibro | ||
| 999 |
_c23064 _d23064 |
||